000
00333nam a22001577a 4500
020
_a
81-8204-067-1
082
_a
658.3
_b
BAN
100
_a
BANSAL
245
_a
HOTEL ENGINEERING
250
_a
1ST
260
_a
DELHI
_b
AMAN
_c
2011
300
_a
204
650
_a
HOTEL MANAGEMENT
653
_a
ENGINEERING,HOTEL
942
_2
ddc
_c
BK
999
_c
8048
_d
8048